000 00325 a2200157 4500
001 180577
020 _a
040 _cMagnum
100 _aFlávia, Hila
240 1 0 _aTiziu bem te viu
_lpor
245 1 0 _aTiziu bem te viu
362 0 _a1899
440 1 _aMazza Edições
697 _aMAGNITO: IJ/POESIA
942 _cBK
999 _c180577
_d180577